000 00248nam a22001097a 4500
082 _a340
100 _aGarg,Sandeep
245 _aIntellectual Property Laws
260 _aDelhi
_bCommercial Law Publishers
_c2025
650 _aLaw
942 _cC. BOOKS
999 _c68247
_d68247